The Parliaments resolution to raise forces to suppresse all those that are promoters of the warre begun at Hull against Sir John Hotham. : With a generall remonstrance of all the grievances and tyranicall oppressions that are daily throwne on the inhabitants of Lincoln-shire and Yorke shire by the cavaleers and others that are enemies to the peace of the kingdome. Namely, the Earle of Lindsey the Earle of Rivers the Earle of Newcastle Mr. Henry Wilmot Sir Iohn Barkeley Sir Hugh Pollard. VVith many others who under the pretence of standing for His Majestie take priviledge to put in execution things dangerous both to the peace of the kingdome and the very being of Parliaments. Ordered by the Lords and Commons that this be printed and published. Iohn Browne, Cler. Parl. Hen. Elsinge, Cler. D. C.

Bibliographic Details
Corporate Author: England and Wales. Parliament
Format: eBook
Language:English
Published: London : Printed by Tho. Fawcet, Iuly 22. 1642.
Series:Early English books online.
Subjects:
Online Access:Connect to the full text of this electronic book

MARC

Tag First Indicator Second Indicator Subfields
LEADER 00000nam a2200000 4500
001 in00004289713
005 20200813084638.0
006 m g d
007 cr bn |||a|bb|
008 850717s1642 enk o o00| | eng d
035 |a (UnM)99873301 
037 |a CL0051000001  |b ProQuest Information and Learning. 300 N. Zeeb Rd., Ann Arbor, MI 48106 
040 |a Cu-RivES  |c Cu-RivES  |d CStRLIN  |e dcrb  |d WaOLN 
110 1 |a England and Wales.  |b Parliament. 
245 1 4 |a The Parliaments resolution to raise forces to suppresse all those that are promoters of the warre begun at Hull against Sir John Hotham. :  |b With a generall remonstrance of all the grievances and tyranicall oppressions that are daily throwne on the inhabitants of Lincoln-shire and Yorke shire by the cavaleers and others that are enemies to the peace of the kingdome. Namely, the Earle of Lindsey the Earle of Rivers the Earle of Newcastle Mr. Henry Wilmot Sir Iohn Barkeley Sir Hugh Pollard. VVith many others who under the pretence of standing for His Majestie take priviledge to put in execution things dangerous both to the peace of the kingdome and the very being of Parliaments. Ordered by the Lords and Commons that this be printed and published. Iohn Browne, Cler. Parl. Hen. Elsinge, Cler. D. C. 
260 |a London :  |b Printed by Tho. Fawcet,  |c Iuly 22. 1642. 
300 |a 1 online resource ([8] pages) 
336 |a text  |b txt  |2 rdacontent 
337 |a computer  |b c  |2 rdamedia 
338 |a online resource  |b cr  |2 rdacarrier 
500 |a Reproduction of the original in the British Library. 
510 4 |a Wing (2nd edition)  |c E2150. 
510 4 |a Thomason  |c E.107[38]. 
533 |a Electronic reproduction.  |b Ann Arbor, Mich. :  |c UMI,  |d 1999-  |f (Early English books online)  |n Digital version of: (Thomason Tracts ; 19:E107[38])  |7 s1999 miun s 
600 1 0 |a Hotham, John,  |c Sir,  |d d. 1645 Jan. 2. 
651 4 |a Great Britain  |x History  |y Civil War, 1642-1649  |v Early works to 1800. 
830 0 |a Early English books online. 
856 4 0 |u http://proxy.library.tamu.edu/login?url=https://search.proquest.com/docview/2240940778  |z Connect to the full text of this electronic book  |t 0 
999 f f |s 6ab7833d-aa13-3974-ab02-dbeb82e17178  |i afe69d72-ba7f-317b-b86e-ec68964bd176  |t 0 
952 f f |a Texas A&M University  |b College Station  |c Electronic Resources  |d Available Online  |t 0  |h No information provided 
998 f f |t 0  |l Available Online